[Event "FRA-ch op-A"]
[Site "L'Alpe d'Huez"]
[Date "2023.08.26"]
[Round "8"]
[White "Zienkiewicz, Jan"]
[Black "Pillard, Valentin"]
[Result "1-0"]
[WhiteElo "2177"]
[BlackElo "2140"]
[PlyCount "109"]
[EventDate "2023.08.19"]
[EventType "swiss"]
[EventRounds "9"]
[EventCountry "FRA"]
[SourceTitle "EXT 2024"]
[Source "ChessBase"]
[SourceDate "2023.10.10"]
[SourceVersion "1"]
[SourceVersionDate "2023.10.10"]
[SourceQuality "1"]

1. e4 c5 2. Nf3 d6 3. d4 cxd4 4. Nxd4 Nf6 5. Nc3 e5 6. Bb5+ Nbd7 7. Nf5 a6 8. Bxd7+ Qxd7 9. Bg5 Nxe4 10. Nxg7+ Bxg7 11. Nxe4 0-0 12. Nf6+ Bxf6 13. Bxf6 Qf5 14. Qf3 Qg6 15. 0-0 Bg4 16. Qg3 Qxf6 17. Qxg4+ Kh8 18. Rad1 Rg8 19. Qe4 Qg6 20. Qxg6 Rxg6 21. Rd5 Rc8 22. c3 Kg7 23. f4 Re8 24. f5 Rh6 25. Rfd1 Rh5 26. f6+ Kxf6 27. Rxd6+ Re6 28. Rd7 Rf5 29. Rxb7 e4 30. Rf1 Rxf1+ 31. Kxf1 h5 32. a4 Rd6 33. Ke2 Ke6 34. a5 f5 35. g3 Kf6 36. Rb6 Ke5 37. Rxd6 Kxd6 38. b4 Kd5 39. Ke3 Kc4 40. h3 Kd5 41. Ke2 Kc4 42. Kd2 Kd5 43. Ke3 Kc4 44. g4 fxg4 45. hxg4 hxg4 46. Kxe4 Kxc3 47. b5 axb5 48. a6 b4 49. a7 b3 50. a8Q b2 51. Qa2 Kc2 52. Kf4 Kc1 53. Qc4+ Kd2 54. Qb3 Kc1 55. Qc3+ 1-0

[Event "Cappelle op 39th"]
[Site "Cappelle la Grande"]
[Date "2023.02.18"]
[Round "1"]
[White "Sumets, Andrey"]
[Black "Pillard, Valentin"]
[Result "1-0"]
[WhiteElo "2513"]
[BlackElo "2153"]
[PlyCount "105"]
[EventDate "2023.02.18"]
[EventType "swiss"]
[EventRounds "9"]
[EventCountry "FRA"]
[SourceTitle "CBM 213 Extra"]
[Source "ChessBase"]
[SourceDate "2023.05.31"]
[SourceVersion "1"]
[SourceVersionDate "2023.05.31"]
[SourceQuality "1"]

1. d4 Nf6 2. c4 e6 3. Nf3 d5 4. g3 dxc4 5. Bg2 a6 6. 0-0 Nc6 7. Qd2 Rb8 8. Ne5 Nxe5 9. dxe5 Qxd2 10. Nxd2 c3 11. bxc3 Nd7 12. Nc4 b6 13. Rb1 Bb7 14. Bxb7 Rxb7 15. Na5 Rb8 16. Nc6 Rc8 17. Be3 Nb8 18. Nd4 Bc5 19. f4 0-0 20. Kf2 Rfd8 21. Rfd1 Kf8 22. Kf3 Ke8 23. g4 Rd5 24. c4 Rd7 25. Ke4 Rcd8 26. Rd3 Bxd4 27. Bxd4 Nc6 28. Bc3 Ne7 29. f5 exf5+ 30. gxf5 g6 31. f6 Nf5 32. a4 Rb8 33. Be1 Rbd8 34. Bf2 h5 35. Rbb3 Nh6 36. h3 Nf5 37. Rd5 a5 38. Rbd3 Nh6 39. Be3 Nf5 40. Bf2 Nh6 41. Kf3 g5 42. Ke4 Rxd5 43. cxd5 Kd7 44. Rg3 b5 45. axb5 Rb8 46. Rxg5 Rxb5 47. Rxh5 Rb4+ 48. Bd4 a4 49. Rxh6 a3 50. Rh8 a2 51. Ra8 c5 52. dxc6+ Ke6 53. Re8# 1-0

[Event "Europe Echecs Blitz Sept op"]
[Site "Europe Echecs INT"]
[Date "2021.09.19"]
[Round "3"]
[White "Kamsky, Gata"]
[Black "Pillard, Valentin"]
[Result "1-0"]
[WhiteElo "2662"]
[BlackElo "2172"]
[PlyCount "73"]
[EventDate "2021.09.19"]
[EventType "swiss (blitz)"]
[EventRounds "11"]
[EventCountry "FRA"]
[SourceTitle "CBM 204 Extra"]
[Source "ChessBase"]
[SourceDate "2021.11.30"]
[SourceVersion "1"]
[SourceVersionDate "2021.11.30"]
[SourceQuality "1"]

1. e4 Nc6 2. Nf3 d6 3. d4 g6 4. c3 Bg7 5. Bg5 Nf6 6. Nbd2 h6 7. Bh4 0-0 8. Bd3 Nb8 9. 0-0 c5 10. d5 Bg4 11. Re1 Nbd7 12. h3 Bxf3 13. Nxf3 Nh5 14. Nd2 Ne5 15. Bf1 Nf4 16. Bg3 Nfd3 17. Re3 c4 18. Bxd3 cxd3 19. Bxe5 Bxe5 20. Nc4 Bg7 21. a4 Rc8 22. Qxd3 Qc7 23. Na3 f5 24. exf5 Rxf5 25. Rae1 Be5 26. g3 Rcf8 27. f4 Qc5 28. fxe5 Rf3 29. Qxg6+ Kh8 30. Qxh6+ Kg8 31. Qg5+ Kh8 32. Nc2 Rf2 33. Nd4 Qxd5 34. Qh6+ Kg8 35. Qg6+ Kh8 36. Re4 R2f4 37. Rxf4 1-0

[Event "Europe Echecs Blitz Sept op"]
[Site "Europe Echecs INT"]
[Date "2021.09.19"]
[Round "2"]
[White "Pillard, Valentin"]
[Black "Chouvaev Komin, Daniel"]
[Result "1-0"]
[WhiteElo "2172"]
[BlackElo "1625"]
[PlyCount "121"]
[EventDate "2021.09.19"]
[EventType "swiss (blitz)"]
[EventRounds "11"]
[EventCountry "FRA"]
[SourceTitle "CBM 204 Extra"]
[Source "ChessBase"]
[SourceDate "2021.11.30"]
[SourceVersion "1"]
[SourceVersionDate "2021.11.30"]
[SourceQuality "1"]

1. d4 Nf6 2. c4 g6 3. Nc3 Bg7 4. e4 d6 5. Nf3 0-0 6. h3 e5 7. d5 Ne8 8. g4 h6 9. Rg1 g5 10. Be3 b6 11. Be2 Na6 12. Nd2 f6 13. Nf1 Kf7 14. Ng3 Rh8 15. Nh5 Bf8 16. f3 Ng7 17. Ng3 Be7 18. Qd2 Qd7 19. Rh1 Bb7 20. h4 Rab8 21. Bd1 Rbf8 22. Ba4 Qc8 23. 0-0-0 Qd8 24. Kb1 Qb8 25. Rh3 Nc5 26. Bxc5 bxc5 27. Rdh1 a6 28. hxg5 hxg5 29. Bd7 Rxh3 30. Rxh3 Bc8 31. Bxc8 Qxc8 32. Qh2 Rg8 33. Rh7 Kf8 34. Nd1 Qe8 35. Ne3 Bd8 36. Nef5 Nxf5 37. Nxf5 Qg6 38. Rd7 Ke8 39. Rh7 Kf8 40. Kc2 Ke8 41. Kc3 Kf8 42. a3 Ke8 43. b4 cxb4+ 44. axb4 Kf8 45. c5 dxc5 46. bxc5 Ke8 47. d6 cxd6 48. Nxd6+ Kf8 49. Rf7+ Qxf7 50. Nxf7 Kxf7 51. Qa2+ Kg7 52. Qxa6 Be7 53. c6 Bd6 54. Qb7+ Kg6 55. Qd7 Bb8 56. Kc4 Rh8 57. c7 Bxc7 58. Qxc7 Rh7 59. Qc8 Rh3 60. Qg8+ Kh6 61. Qh8+ 1-0

[Event "Europe Echecs Blitz Sept op"]
[Site "Europe Echecs INT"]
[Date "2021.09.19"]
[Round "9"]
[White "Pillard, Valentin"]
[Black "Jobava, Baadur"]
[Result "0-1"]
[WhiteElo "2172"]
[BlackElo "2582"]
[PlyCount "80"]
[EventDate "2021.09.19"]
[EventType "swiss (blitz)"]
[EventRounds "11"]
[EventCountry "FRA"]
[SourceTitle "CBM 204 Extra"]
[Source "ChessBase"]
[SourceDate "2021.11.30"]
[SourceVersion "1"]
[SourceVersionDate "2021.11.30"]
[SourceQuality "1"]

1. e4 e5 2. Nf3 Nf6 3. Nxe5 d6 4. Nf3 Nxe4 5. d3 Nf6 6. d4 g6 7. Be2 Bg7 8. 0-0 0-0 9. c4 Re8 10. Nc3 Bg4 11. h3 Bxf3 12. Bxf3 c6 13. Bf4 Na6 14. Qd2 Nc7 15. b4 Ne6 16. Be3 Rc8 17. a4 a5 18. b5 Nd7 19. bxc6 bxc6 20. Rab1 c5 21. dxc5 dxc5 22. Bb7 Rb8 23. Bc6 Rxb1 24. Rxb1 Nd4 25. Bd5 Nb6 26. Bg5 Qc7 27. Bf4 Be5 28. Bxe5 Rxe5 29. Nb5 Nxb5 30. Rxb5 Kg7 31. g3 Qd6 32. Qc3 Kh6 33. Bf3 Nxa4 34. Qxa5 Qd3 35. Kg2 Qxc4 36. Rb7 Nc3 37. Qd8 Kg7 38. Qd7 Re1 39. Qd6 Qf1+ 40. Kh2 Qg1# 0-1

[Event "Europe Echecs Blitz Sept op"]
[Site "Europe Echecs INT"]
[Date "2021.09.19"]
[Round "4"]
[White "Pillard, Valentin"]
[Black "Vine, Guillaume"]
[Result "1-0"]
[WhiteElo "2172"]
[BlackElo "1810"]
[PlyCount "41"]
[EventDate "2021.09.19"]
[EventType "swiss (blitz)"]
[EventRounds "11"]
[EventCountry "FRA"]
[SourceTitle "CBM 204 Extra"]
[Source "ChessBase"]
[SourceDate "2021.11.30"]
[SourceVersion "1"]
[SourceVersionDate "2021.11.30"]
[SourceQuality "1"]

1. d4 Nf6 2. Nf3 e6 3. Bf4 c5 4. e3 cxd4 5. exd4 Nc6 6. c3 d6 7. Bd3 Be7 8. 0-0 0-0 9. h3 Nd5 10. Bh2 Bf6 11. Re1 Nde7 12. Nbd2 Ng6 13. Ne4 Re8 14. Nxd6 Rf8 15. Ne4 Re8 16. Qe2 e5 17. Rad1 exd4 18. Nxf6+ Qxf6 19. Qxe8+ Nf8 20. Be5 Nxe5 21. Qxe5 1-0

[Event "Europe Echecs Blitz Sept op"]
[Site "Europe Echecs INT"]
[Date "2021.09.19"]
[Round "5"]
[White "Quartararo, Pierre"]
[Black "Pillard, Valentin"]
[Result "0-1"]
[WhiteElo "1909"]
[BlackElo "2172"]
[PlyCount "84"]
[EventDate "2021.09.19"]
[EventType "swiss (blitz)"]
[EventRounds "11"]
[EventCountry "FRA"]
[SourceTitle "CBM 204 Extra"]
[Source "ChessBase"]
[SourceDate "2021.11.30"]
[SourceVersion "1"]
[SourceVersionDate "2021.11.30"]
[SourceQuality "1"]

1. d4 Nf6 2. c4 c5 3. d5 e6 4. Nc3 exd5 5. cxd5 d6 6. e4 g6 7. Nf3 a6 8. a4 Bg4 9. Be2 Bg7 10. 0-0 0-0 11. h3 Bxf3 12. Bxf3 Re8 13. Qc2 Nbd7 14. Bf4 Ne5 15. Be2 Qc7 16. Rfe1 Rac8 17. Bf1 c4 18. Bxe5 Rxe5 19. Kh1 Nh5 20. g3 Re7 21. Bg2 Bd4 22. Bf3 Nf6 23. Kg2 Qc5 24. Rad1 Nd7 25. Bg4 Rce8 26. Bxd7 Rxd7 27. f3 b5 28. axb5 axb5 29. Ne2 Bg7 30. Nf4 Be5 31. Re2 Ra7 32. h4 b4 33. Nh3 b3 34. Qd2 Ra2 35. Rb1 c3 36. Qc1 c2 37. Ra1 Rxa1 38. Qxa1 c1Q 39. Qxc1 Qxc1 40. Nf2 Rc8 41. Nd3 Qd1 42. Nf4 Bxf4 0-1

[Event "La Plagne op 1st"]
[Site "La Plagne"]
[Date "2021.08.02"]
[Round "1.1"]
[White "Sivuk, Vitaly"]
[Black "Pillard, Valentin"]
[Result "0-1"]
[WhiteElo "2589"]
[BlackElo "2141"]
[PlyCount "80"]
[EventDate "2021.08.02"]
[EventType "swiss"]
[EventRounds "9"]
[EventCountry "FRA"]
[SourceTitle "EXT 2023"]
[Source "ChessBase"]
[SourceDate "2022.10.05"]
[SourceVersion "1"]
[SourceVersionDate "2022.10.05"]
[SourceQuality "1"]

1. d4 Nf6 2. c4 e6 3. g3 d5 4. Nf3 dxc4 5. Bg2 a6 6. 0-0 Nc6 7. Nc3 Rb8 8. e4 Be7 9. Qe2 b5 10. Rd1 0-0 11. Bf4 Bb7 12. d5 exd5 13. e5 Re8 14. Ng5 Nxe5 15. Qxe5 h6 16. Nf3 Ba3 17. Qd4 Bxb2 18. Rab1 c5 19. Qd2 Bxc3 20. Qxc3 Rc8 21. Qc1 Ba8 22. Nh4 Qd7 23. Bxh6 gxh6 24. Qxh6 Nh7 25. Qh5 d4 26. Nf5 Kh8 27. Nh6 Bxg2 28. Nxf7+ Kg7 29. Qh6+ Kxf7 30. Qxh7+ Ke6 31. Qg6+ Kd5 32. Kxg2 Qe6 33. Qg7 Re7 34. Qg5+ Kc6 35. Re1 Qxe1 36. Rxe1 Rxe1 37. Qg6+ Kb7 38. h4 Rc7 39. h5 d3 40. Qg5 Rd7 0-1

[Event "Vaujany op 12th"]
[Site "Vaujany"]
[Date "2021.07.21"]
[Round "7"]
[White "Guilleux, Fabien"]
[Black "Pillard, Valentin"]
[Result "1-0"]
[WhiteElo "2448"]
[BlackElo "2103"]
[PlyCount "63"]
[EventDate "2021.07.15"]
[EventType "swiss"]
[EventRounds "9"]
[EventCountry "FRA"]
[SourceTitle "EXT 2022"]
[Source "ChessBase"]
[SourceDate "2021.10.06"]
[SourceVersion "1"]
[SourceVersionDate "2021.10.06"]
[SourceQuality "1"]

1. c4 c6 2. e4 d5 3. exd5 cxd5 4. cxd5 Nf6 5. Nc3 g6 6. Nf3 Bg7 7. d4 0-0 8. Bc4 Nbd7 9. 0-0 Nb6 10. Bb3 Nbxd5 11. Re1 Bf5 12. Ne5 Rc8 13. Qf3 Be6 14. Bg5 Nc7 15. Qxb7 Qxd4 16. Nc6 Qc5 17. Be3 Qd6 18. Rad1 Ncd5 19. Nxd5 Nxd5 20. Bxd5 Rc7 21. Bxe6 Rxb7 22. Rxd6 exd6 23. Bd5 Rxb2 24. Bxa7 Bc3 25. Rc1 Kg7 26. g3 Bf6 27. a4 Rd2 28. Bc4 Rc8 29. Be3 Rb2 30. Bd5 Ra8 31. Na7 Rab8 32. Rc7 1-0

[Event "Vaujany op 12th"]
[Site "Vaujany"]
[Date "2021.07.17"]
[Round "3"]
[White "Laurent Paoli, Pierre"]
[Black "Pillard, Valentin"]
[Result "1-0"]
[WhiteElo "2407"]
[BlackElo "2103"]
[PlyCount "65"]
[EventDate "2021.07.15"]
[EventType "swiss"]
[EventRounds "9"]
[EventCountry "FRA"]
[SourceTitle "EXT 2022"]
[Source "ChessBase"]
[SourceDate "2021.10.06"]
[SourceVersion "1"]
[SourceVersionDate "2021.10.06"]
[SourceQuality "1"]

1. d4 Nf6 2. c4 e6 3. Nf3 d5 4. Nc3 dxc4 5. e4 b5 6. e5 Nd5 7. Nxb5 Nb6 8. Be2 Be7 9. 0-0 Nc6 10. Qd2 Bb7 11. Qf4 Qd7 12. Be3 Nb4 13. Nc3 N4d5 14. Qg3 Nxc3 15. bxc3 f5 16. Nd2 Bd5 17. a4 a5 18. Rfb1 Nxa4 19. Bxc4 Bxc4 20. Qxg7 0-0-0 21. Nxc4 Rhg8 22. Qh6 Qd5 23. g3 Nxc3 24. Nxa5 Nxb1 25. Rxb1 Kd7 26. Nb7 Qe4 27. Rd1 Qxb7 28. d5 exd5 29. Qxh7 Rgf8 30. e6+ Kc8 31. Qxe7 Rfe8 32. Qf7 Qc6 33. Rc1 1-0

[Event "Europe Echecs Blitz May op"]
[Site "Europe Echecs INT"]
[Date "2021.05.09"]
[Round "9"]
[White "Efimov, Igor"]
[Black "Pillard, Valentin"]
[Result "1-0"]
[WhiteElo "2416"]
[BlackElo "2103"]
[PlyCount "65"]
[EventDate "2021.05.09"]
[EventType "swiss (blitz)"]
[EventRounds "11"]
[EventCountry "FRA"]
[SourceTitle "CBM 202 Extra"]
[Source "ChessBase"]
[SourceDate "2021.07.31"]
[SourceVersion "1"]
[SourceVersionDate "2021.07.31"]
[SourceQuality "1"]

1. d4 d6 2. e4 g6 3. Nc3 c6 4. Bc4 b5 5. Bb3 Bg7 6. Be3 Nd7 7. a4 b4 8. Nce2 Ngf6 9. Ng3 a5 10. h3 Bb7 11. Nf3 c5 12. e5 Ne4 13. Nxe4 Bxe4 14. Bxf7+ Kxf7 15. Ng5+ Kg8 16. Nxe4 cxd4 17. Bxd4 Bxe5 18. 0-0 Rc8 19. c3 bxc3 20. bxc3 Kg7 21. Ng5 Qg8 22. f4 Bf6 23. Re1 e5 24. fxe5 Nxe5 25. Ne4 Qe6 26. Nxf6 Qxf6 27. Qb3 Rhf8 28. Qd5 Kh6 29. Be3+ Kg7 30. Rad1 Rxc3 31. Bd4 Rc2 32. Rxe5 Rxg2+ 33. Kxg2 1-0

[Event "Europe Echecs Blitz May op"]
[Site "Europe Echecs INT"]
[Date "2021.05.09"]
[Round "4"]
[White "Pillard, Valentin"]
[Black "Fondrat, Johan"]
[Result "1-0"]
[WhiteElo "2103"]
[BlackElo "1509"]
[PlyCount "101"]
[EventDate "2021.05.09"]
[EventType "swiss (blitz)"]
[EventRounds "11"]
[EventCountry "FRA"]
[SourceTitle "CBM 202 Extra"]
[Source "ChessBase"]
[SourceDate "2021.07.31"]
[SourceVersion "1"]
[SourceVersionDate "2021.07.31"]
[SourceQuality "1"]

1. d4 d5 2. c4 c6 3. Nf3 Nf6 4. Nc3 g6 5. g3 Bg7 6. Bg2 0-0 7. 0-0 Bf5 8. cxd5 cxd5 9. Qb3 b6 10. Ne5 e6 11. Bf4 Nfd7 12. Nxd7 Nxd7 13. Rfd1 g5 14. Bd6 Re8 15. e4 dxe4 16. Nxe4 h6 17. Rac1 Nf6 18. Nxf6+ Bxf6 19. Bc7 Qd7 20. Bc6 Qe7 21. Bxa8 Rxa8 22. Qf3 Rc8 23. Qb7 Re8 24. Qxa7 b5 25. Bb6 Qd6 26. Qc7 Qd5 27. Qc6 Qxc6 28. Rxc6 Bg4 29. Rdc1 Bf3 30. Rc8 Kf8 31. Bc5+ Be7 32. Bxe7+ Kxe7 33. R1c7+ Kd6 34. Rxe8 Kxc7 35. Re7+ Kd6 36. Rxf7 Bd5 37. Rh7 Bxa2 38. Rxh6 Bb1 39. h4 g4 40. h5 Bf5 41. Rh8 Kd5 42. Rd8+ Kc4 43. h6 Kb3 44. d5 Kxb2 45. dxe6 Bg6 46. e7 Kc2 47. Rd6 b4 48. Rxg6 b3 49. e8Q b2 50. Rc6+ Kd3 51. Qe3# 1-0

[Event "Europe Echecs Blitz May op"]
[Site "Europe Echecs INT"]
[Date "2021.05.09"]
[Round "10"]
[White "Pillard, Valentin"]
[Black "Vine, Thibault"]
[Result "1-0"]
[WhiteElo "2103"]
[BlackElo "1850"]
[PlyCount "38"]
[EventDate "2021.05.09"]
[EventType "swiss (blitz)"]
[EventRounds "11"]
[EventCountry "FRA"]
[SourceTitle "CBM 202 Extra"]
[Source "ChessBase"]
[SourceDate "2021.07.31"]
[SourceVersion "1"]
[SourceVersionDate "2021.07.31"]
[SourceQuality "1"]

1. d4 d5 2. c4 e6 3. Nc3 Nf6 4. Bg5 Be7 5. e3 0-0 6. cxd5 exd5 7. Qc2 c6 8. Bd3 h6 9. Bf4 Bd6 10. Bxd6 Qxd6 11. Nf3 Nbd7 12. 0-0-0 b5 13. Kb1 a5 14. g4 Nxg4 15. Rdg1 Nb6 16. h3 Nf6 17. Nh4 b4 18. Ne2 Ba6 19. Nf5 Qe6 1-0

[Event "Europe Echecs Blitz May op"]
[Site "Europe Echecs INT"]
[Date "2021.05.09"]
[Round "7"]
[White "Urazayev, Arystanbek"]
[Black "Pillard, Valentin"]
[Result "1-0"]
[WhiteElo "2429"]
[BlackElo "2103"]
[PlyCount "41"]
[EventDate "2021.05.09"]
[EventType "swiss (blitz)"]
[EventRounds "11"]
[EventCountry "FRA"]
[SourceTitle "CBM 202 Extra"]
[Source "ChessBase"]
[SourceDate "2021.07.31"]
[SourceVersion "1"]
[SourceVersionDate "2021.07.31"]
[SourceQuality "1"]

1. e4 Nc6 2. Nf3 d5 3. exd5 Qxd5 4. Nc3 Qh5 5. Be2 Bg4 6. d3 0-0-0 7. Be3 e5 8. Qd2 Bb4 9. a3 e4 10. axb4 exf3 11. gxf3 Bxf3 12. b5 Ne5 13. Rxa7 Nf6 14. Kd1 b6 15. Rg1 Qxh2 16. Re1 Bb7 17. Bf4 Qg2 18. Bxe5 Rhe8 19. Bxf6 gxf6 20. Qf4 Kb8 21. Kd2 1-0

[Event "EU-ch Amateur Online Final 2000/2300"]
[Site "Tornelo INT"]
[Date "2021.04.28"]
[Round "9"]
[White "Pillard, Valentin"]
[Black "Ter Gevorkian, Giannis"]
[Result "1-0"]
[WhiteElo "2103"]
[BlackElo "1770"]
[PlyCount "73"]
[EventDate "2021.04.28"]
[EventType "swiss (rapid)"]
[EventRounds "9"]
[EventCountry "NET"]
[SourceTitle "EXT 2023"]
[Source "ChessBase"]
[SourceDate "2022.10.05"]
[SourceVersion "1"]
[SourceVersionDate "2022.10.05"]
[SourceQuality "1"]

1. e4 c5 2. Nf3 e6 3. c3 Nf6 4. Bd3 Nc6 5. Bc2 b6 6. 0-0 Bb7 7. Re1 Be7 8. a3 d6 9. d4 0-0 10. d5 exd5 11. exd5 Nb8 12. c4 b5 13. b3 Nbd7 14. Bb2 Nb6 15. Qd3 g6 16. Nbd2 a5 17. a4 b4 18. Ng5 Bc8 19. Qe2 Nfxd5 20. Nxh7 Nf4 21. Qxe7 Qxe7 22. Rxe7 Kxh7 23. Re4 Nh5 24. Rh4 f5 25. g4 Re8 26. Bd3 Kh6 27. gxh5 g5 28. Rh3 f4 29. Rf3 Bg4 30. Bg6 Re2 31. Rd3 Bxh5 32. Bxh5 Kxh5 33. Rxd6 Rae8 34. Bg7 Kg4 35. f3+ Kf5 36. Rf6+ Ke5 37. Rxb6+ 1-0

[Event "C'Chartres Blitz op April"]
[Site "Europe Echecs INT"]
[Date "2021.04.10"]
[Round "10"]
[White "Pillard, Valentin"]
[Black "Belkhodja, Slim"]
[Result "0-1"]
[WhiteElo "2103"]
[BlackElo "2366"]
[PlyCount "73"]
[EventDate "2021.04.10"]
[EventType "swiss (blitz)"]
[EventRounds "11"]
[EventCountry "FRA"]
[SourceTitle "CBM 201 Extra"]
[Source "ChessBase"]
[SourceDate "2021.05.31"]
[SourceVersion "1"]
[SourceVersionDate "2021.05.31"]
[SourceQuality "1"]

1. e4 c5 2. Nf3 Nc6 3. Bb5 Nf6 4. e5 Nd5 5. 0-0 g6 6. c3 Nc7 7. Be2 d6 8. exd6 Qxd6 9. Na3 Bg7 10. Nc4 Qd8 11. a4 0-0 12. d3 b6 13. Bg5 h6 14. Bf4 Bb7 15. Re1 Nd5 16. Bg3 Rc8 17. Bf1 Ba8 18. Qd2 e6 19. Nd6 Rc7 20. h4 Rd7 21. Nc4 Nde7 22. Nfe5 Nxe5 23. Bxe5 Nf5 24. Bxg7 Kxg7 25. Qf4 Qxh4 26. Qe5+ Qf6 27. Qf4 Rfd8 28. Ne5 Rd5 29. Rad1 g5 30. Qh2 Nh4 31. Re3 R5d6 32. Rde1 h5 33. Rh3 Rd5 34. g3 Rxe5 35. Rxe5 Nf3+ 36. Kg2 Nxh2+ 37. Kxh2 0-1

[Event "C'Chartres Blitz op April"]
[Site "Europe Echecs INT"]
[Date "2021.04.10"]
[Round "8"]
[White "Pillard, Valentin"]
[Black "Vine, Guillaume"]
[Result "1-0"]
[WhiteElo "2103"]
[BlackElo "1810"]
[PlyCount "67"]
[EventDate "2021.04.10"]
[EventType "swiss (blitz)"]
[EventRounds "11"]
[EventCountry "FRA"]
[SourceTitle "CBM 201 Extra"]
[Source "ChessBase"]
[SourceDate "2021.05.31"]
[SourceVersion "1"]
[SourceVersionDate "2021.05.31"]
[SourceQuality "1"]

1. e4 c6 2. Nf3 d5 3. exd5 cxd5 4. Ne5 Nf6 5. d4 Nc6 6. Bb5 Bd7 7. Nxd7 Qxd7 8. 0-0 e6 9. Bf4 Bd6 10. Bxd6 Qxd6 11. Nd2 0-0 12. Nf3 a6 13. Bd3 Nb4 14. Be2 Rac8 15. c3 Nc6 16. Bd3 Na5 17. Re1 Nc4 18. Qe2 b5 19. Ne5 Rc7 20. f4 Rfc8 21. f5 b4 22. fxe6 fxe6 23. Ng4 Nxg4 24. Qxg4 Nxb2 25. Rxe6 Qd7 26. Bf5 Rf8 27. Rf1 Qd8 28. Bxh7+ Kxh7 29. Qh5+ Kg8 30. Rxf8+ Qxf8 31. Re8 bxc3 32. Qxd5+ Rf7 33. Rxf8+ Kxf8 34. Qd8# 1-0

[Event "EU-Cup Online Gr-B"]
[Site "Tornelo INT"]
[Date "2021.03.28"]
[Round "8.4"]
[White "Pillard, Valentin"]
[Black "Kramer, Julian"]
[Result "0-1"]
[WhiteElo "2103"]
[BlackElo "2419"]
[PlyCount "96"]
[EventDate "2021.03.27"]
[EventType "team-tourn (rapid)"]
[EventRounds "9"]
[EventCountry "NET"]
[SourceTitle "CBM 201 Extra"]
[Source "ChessBase"]
[SourceDate "2021.05.31"]
[SourceVersion "1"]
[SourceVersionDate "2021.05.31"]
[SourceQuality "1"]
[WhiteTeam "Stanislas Echecs"]
[BlackTeam "Hamburger SK"]
[WhiteTeamCountry "FRA"]
[BlackTeamCountry "GER"]

1. e4 c5 2. Nf3 d6 3. d4 cxd4 4. Qxd4 Nc6 5. Bb5 a6 6. Bxc6+ bxc6 7. c4 e5 8. Qd3 Ne7 9. 0-0 Ng6 10. Nc3 Be7 11. Rd1 0-0 12. b3 f5 13. Ba3 Qa5 14. Bxd6 Bxd6 15. Qxd6 Qxc3 16. Qxc6 Ra7 17. Ng5 fxe4 18. Nxe4 Qb2 19. Qd5+ Kh8 20. Qc5 Raf7 21. Rab1 Qxa2 22. Ra1 Qc2 23. f3 Re7 24. Rd6 Ree8 25. Qb6 Qb2 26. Rad1 Bf5 27. R6d2 Qa3 28. Nd6 Rb8 29. Qc7 Be6 30. Ne4 Qxb3 31. c5 Qb7 32. Qd6 Bb3 33. Rb1 a5 34. c6 Qb6+ 35. Kh1 Rbd8 36. Qa3 a4 37. Rxd8 Rxd8 38. Qc1 Rc8 39. Qg5 Qxc6 40. h4 h6 41. Qg4 Bd5 42. Ng3 Qe6 43. Nf5 Rf8 44. h5 Qxf5 45. Qxf5 Rxf5 46. hxg6 a3 47. Rb5 Bg8 48. Ra5 a2 0-1

[Event "Europe Echecs Blitz Nov op"]
[Site "Europe Echecs INT"]
[Date "2020.11.08"]
[Round "3"]
[White "Pillard, Valentin"]
[Black "Dubois, Martine"]
[Result "1-0"]
[WhiteElo "2103"]
[BlackElo "1780"]
[PlyCount "35"]
[EventDate "2020.11.08"]
[EventType "swiss (blitz)"]
[EventRounds "11"]
[EventCountry "FRA"]
[SourceTitle "CBM 199 Extra"]
[Source "ChessBase"]
[SourceDate "2021.01.31"]
[SourceVersion "1"]
[SourceVersionDate "2021.01.31"]
[SourceQuality "1"]

1. d4 d5 2. c4 Bf5 3. cxd5 Bxb1 4. Rxb1 Qxd5 5. Nf3 Qxa2 6. Bd2 e6 7. e3 Nc6 8. Bb5 Qd5 9. Qe2 0-0-0 10. 0-0 a6 11. Bc4 Qh5 12. b4 b5 13. Bd3 Bd6 14. Rfc1 Nce7 15. Ra1 Kb7 16. e4 e5 17. Bxb5 axb5 18. Qxb5+ 1-0

[Event "Europe Echecs Blitz Nov op"]
[Site "Europe Echecs INT"]
[Date "2020.11.08"]
[Round "2"]
[White "Vakhidov, Jahongir"]
[Black "Pillard, Valentin"]
[Result "1-0"]
[WhiteElo "2533"]
[BlackElo "2103"]
[PlyCount "109"]
[EventDate "2020.11.08"]
[EventType "swiss (blitz)"]
[EventRounds "11"]
[EventCountry "FRA"]
[SourceTitle "CBM 199 Extra"]
[Source "ChessBase"]
[SourceDate "2021.01.31"]
[SourceVersion "1"]
[SourceVersionDate "2021.01.31"]
[SourceQuality "1"]

1. c4 e6 2. Nc3 d5 3. d4 Nf6 4. cxd5 exd5 5. Bg5 Be7 6. e3 c6 7. Bd3 Nbd7 8. h3 0-0 9. Qc2 Re8 10. Nf3 Ne4 11. Bf4 Ndf6 12. 0-0 Bd6 13. Bxd6 Qxd6 14. Ne5 Bf5 15. f3 Nxc3 16. Bxf5 Nb5 17. a4 Nc7 18. f4 Na6 19. Rae1 Nb4 20. Qb1 a5 21. Qd1 g6 22. Bb1 Nd7 23. Qg4 Nf6 24. Qh4 Ne4 25. Bxe4 dxe4 26. f5 Nd3 27. Nxf7 Qe7 28. Nh6+ Kh8 29. f6 Qe6 30. f7 Rf8 31. Rf6 Qe7 32. Ref1 Rad8 33. Qg5 Rd6 34. Rxg6 Qxg5 35. Rxg5 Rxh6 36. Rxa5 Kg7 37. Ra7 Rxf7 38. Rxf7+ Kxf7 39. Rxb7+ Ke6 40. a5 Rg6 41. Rxh7 Rg5 42. Rh6+ Kd7 43. a6 Ra5 44. a7 Ra1+ 45. Kh2 Kc7 46. h4 Kb7 47. Rh7+ Kb6 48. h5 Nxb2 49. h6 Nd1 50. Rh8 Nxe3 51. a8Q Rxa8 52. Rxa8 Ng4+ 53. Kg3 Nxh6 54. Kf4 Kb7 55. Rh8 1-0

[Event "Vaujany op 10th"]
[Site "Vaujany"]
[Date "2019.07.11"]
[Round "1"]
[White "Pillard, Valentin"]
[Black "Womacka, Mathias"]
[Result "0-1"]
[WhiteElo "2075"]
[BlackElo "2449"]
[PlyCount "52"]
[EventDate "2019.07.11"]
[EventType "swiss"]
[EventRounds "9"]
[EventCountry "FRA"]
[SourceTitle "EXT 2020"]
[Source "ChessBase"]
[SourceDate "2019.10.17"]
[SourceVersion "1"]
[SourceVersionDate "2019.10.17"]
[SourceQuality "1"]

1. e4 c5 2. Nf3 d6 3. d4 cxd4 4. Qxd4 Nc6 5. Bb5 Bd7 6. Bxc6 Bxc6 7. Nc3 Nf6 8. Bg5 e6 9. 0-0-0 Be7 10. Qd3 Qa5 11. h4 h6 12. Bf4 e5 13. Be3 b5 14. Nd2 0-0 15. f3 b4 16. Nb3 Qc7 17. Nb5 Qb8 18. Nxd6 Rd8 19. Qc4 Rxd6 20. Rxd6 Bb5 21. Qxb4 Bxd6 22. Bc5 a5 23. Qa3 Bxc5 24. Nxc5 Qb6 25. Qc3 Rc8 26. Na4 Qa6 0-1